000
00279nam a2200109Ia 4500
008
190216s9999||||xx |||||||||||||| ||und||
100
_a
"Horace R Brock, Charles E Palmer
 Robert B Sweeney"
245
0
_a
Cost Accounting
260
_b
Null
_c
1980
300
_a
408p
942
_c
BK
999
_c
4976
_d
4976